000 00342pab a2200145 454500
008 180718b1984 xxu||||| |||| 00| 0 eng d
100 _aDe Cuellar, Perez
245 _aWe stand committed to family planning
260 _c1984
300 _a15-16
362 _aDec.
650 _aBirth Control
773 _aEastern Economist
909 _a4463
999 _c4463
_d4463